Global's tourism directory of India (Record no. 9953)
[ view plain ]
| 000 -LEADER | |
|---|---|
| fixed length control field | 00521nam a2200169Ia 4500 |
| 003 - CONTROL NUMBER IDENTIFIER | |
| control field | IN-BaIIA |
| 008 - FIXED-LENGTH DATA ELEMENTS--GENERAL INFORMATION | |
| fixed length control field | 211028s9999 xx 000 0 eng d |
| 040 ## - CATALOGING SOURCE | |
| Transcribing agency | IIA Library |
| 080 ## - UNIVERSAL DECIMAL CLASSIFICATION NUMBER | |
| Universal Decimal Classification number | (058):910.4(540) |
| Item number | OOM |
| 100 ## - MAIN ENTRY--PERSONAL NAME | |
| Personal name | Oomman, Priyan C. |
| 9 (RLIN) | 16892 |
| 245 #0 - TITLE STATEMENT | |
| Title | Global's tourism directory of India |
| Statement of responsibility, etc. | Priyan C. Oomman |
| 260 ## - PUBLICATION, DISTRIBUTION, ETC. | |
| Place of publication, distribution, etc. | Trivandrum |
| Name of publisher, distributor, etc. | Global Communications |
| Date of publication, distribution, etc. | 1989 |
| 300 ## - PHYSICAL DESCRIPTION | |
| Extent | 530p. |
| 650 ## - SUBJECT ADDED ENTRY--TOPICAL TERM | |
| Topical term or geographic name entry element | India-tourism |
| 9 (RLIN) | 16893 |
| 650 ## - SUBJECT ADDED ENTRY--TOPICAL TERM | |
| Topical term or geographic name entry element | Tourism directory |
| 9 (RLIN) | 16894 |
| 942 ## - ADDED ENTRY ELEMENTS (KOHA) | |
| Koha item type | Books |
| Withdrawn status | Lost status | Damaged status | Not for loan | Home library | Current library | Shelving location | Date acquired | Cost, normal purchase price | Total Checkouts | Full call number | Barcode | Date last seen | Cost, replacement price | Price effective from | Koha item type | Purchase Price |
|---|---|---|---|---|---|---|---|---|---|---|---|---|---|---|---|---|
| IIA Library-Bangalore | IIA Library-Kavalur | General Stacks | 200.00 | (058):910.4(540)/ OOM | 10863 | 05/11/2021 | 200.00 | Books | Rs. 200 |